000 00969nam a2200325 a 4500
001 000563
003 DO-SdBPM
005 20250613105712.0
007 ta
008 090819s1982 sp 000 spa d
020 _a8426109268
040 _aDO-SdBPM
_bspa
_cBPMSU
_erda
082 4 _a741.5
_bH545l 1982
_222
100 1 _aHergé
_eautor
_d
245 1 3 _aEl loto azul /
_c Hergé
260 _b
_c
264 _aBarcelona :
_bEditorial Juventud,
_c1982
300 _a62 páginas
_bilustraciones ;
_c27 cm.
336 _atexto
_btxt
_2rdacontent
337 _asin mediación
_bn
_2rdamediacion
338 _avolumen
_bnc
_2 rdacarrier
490 0 _aLas aventuras de Tintin
590 _aInventariado, 2025/VM
650 4 _aCaricaturas.
650 4 _aTiras cómicas, historietas, etc.
_x
650 4 _aNovela de aventuras.
_v
650 4 _aDelincuentes
_v Tiras cómicas, historietas, etc.
910 _aVMateo V. Control de calidad BPMSU
942 _2ddc
_cBK
999 _c15171
_d15171